[Event "Canadian op U1800"]
[Site "Sault Ste Marie"]
[Date "2017.07.16"]
[Round "9.43"]
[White "Sadler, Craig"]
[Black "Kilroy, Evan"]
[Result "1/2-1/2"]
[WhiteElo "1642"]
[BlackElo "1592"]
[PlyCount "57"]
[EventDate "2017.07.08"]
[EventType "swiss"]
[EventRounds "9"]
[EventCountry "CAN"]
[SourceTitle "EXT 2022"]
[Source "ChessBase"]
[SourceDate "2021.10.06"]
[SourceVersion "1"]
[SourceVersionDate "2021.10.06"]
[SourceQuality "1"]

1. e4 e5 2. Nc3 Nc6 3. f4 exf4 4. Nf3 Nf6 5. Bc4 Bb4 6. d3 d5 7. exd5 Nxd5 8. Bxd5 Qxd5 9. 0-0 Bxc3 10. bxc3 g5 11. c4 Qf5 12. d4 Be6 13. d5 0-0-0 14. Qe1 Bxd5 15. cxd5 Qxd5 16. Bb2 Rhe8 17. Qc3 g4 18. Nh4 Re3 19. Qf6 Qe5 20. Qf5+ Qxf5 21. Nxf5 Re2 22. Rf2 Rxf2 23. Kxf2 Rd2+ 24. Kg1 Rxc2 25. Bf6 Kd7 26. Nh6 Ke6 27. Bg5 f3 28. gxf3 gxf3 29. Re1+ 1/2-1/2

[Event "CAN-ch U14"]
[Site "Windsor"]
[Date "2015.07.09"]
[Round "6.35"]
[White "Kilroy, Evan"]
[Black "Cui, Leonardo"]
[Result "0-1"]
[WhiteElo "1296"]
[BlackElo "1415"]
[PlyCount "66"]
[EventDate "2015.07.06"]
[EventType "swiss"]
[EventRounds "7"]
[EventCountry "CAN"]
[SourceTitle "EXT 2022"]
[Source "ChessBase"]
[SourceDate "2021.10.06"]
[SourceVersion "1"]
[SourceVersionDate "2021.10.06"]
[SourceQuality "1"]

1. e4 d5 2. exd5 Qxd5 3. Nc3 Qd6 4. Nf3 Bg4 5. Be2 c6 6. h3 Bxf3 7. Bxf3 Nf6 8. 0-0 e6 9. d4 Nbd7 10. Bg5 Qc7 11. Ne4 Nxe4 12. Bxe4 h6 13. Bh4 Qf4 14. Qg4 Qxg4 15. hxg4 Bd6 16. f4 Rb8 17. f5 e5 18. Bg3 0-0 19. Rad1 Rbd8 20. Bh4 f6 21. Bg3 Rfe8 22. Rfe1 Kf8 23. c4 Bb4 24. Re2 exd4 25. Bf2 Ne5 26. Rxd4 Nxg4 27. Rxd8 Rxd8 28. Bf3 Rd1+ 29. Be1 Bxe1 30. g3 h5 31. Kg2 Rd2 32. Kf1 Rxe2 33. Bxe2 Bxg3 0-1

[Event "CAN-ch U14"]
[Site "Windsor"]
[Date "2015.07.08"]
[Round "5.31"]
[White "Wu, Chenxi"]
[Black "Kilroy, Evan"]
[Result "1-0"]
[WhiteElo "1791"]
[BlackElo "1296"]
[PlyCount "45"]
[EventDate "2015.07.06"]
[EventType "swiss"]
[EventRounds "7"]
[EventCountry "CAN"]
[SourceTitle "EXT 2022"]
[Source "ChessBase"]
[SourceDate "2021.10.06"]
[SourceVersion "1"]
[SourceVersionDate "2021.10.06"]
[SourceQuality "1"]

1. e4 c5 2. Nf3 d6 3. d4 cxd4 4. Nxd4 Nf6 5. Nc3 g6 6. Be3 Bg7 7. f3 0-0 8. Qd2 Re8 9. 0-0-0 Bd7 10. g4 Nc6 11. Kb1 a6 12. h4 b5 13. h5 b4 14. Nd5 a5 15. hxg6 fxg6 16. Bc4 Kh8 17. Nxf6 Bxf6 18. Rxh7+ Kxh7 19. Qh2+ Bh4 20. Qxh4+ Kg7 21. Qh6+ Kf6 22. Bg5+ Ke5 23. Qg7# 1-0

[Event "CAN-ch U14"]
[Site "Windsor"]
[Date "2015.07.07"]
[Round "3.29"]
[White "Liu, Zhanhe"]
[Black "Kilroy, Evan"]
[Result "1-0"]
[WhiteElo "1812"]
[BlackElo "1296"]
[PlyCount "65"]
[EventDate "2015.07.06"]
[EventType "swiss"]
[EventRounds "7"]
[EventCountry "CAN"]
[SourceTitle "EXT 2022"]
[Source "ChessBase"]
[SourceDate "2021.10.06"]
[SourceVersion "1"]
[SourceVersionDate "2021.10.06"]
[SourceQuality "1"]

1. e4 c5 2. Nf3 d6 3. d4 cxd4 4. Nxd4 Nf6 5. Nc3 a6 6. h3 g6 7. Be3 Bg7 8. Qd2 0-0 9. f3 Re8 10. 0-0-0 b5 11. g4 Bb7 12. Bh6 Bh8 13. h4 Nc6 14. Nxc6 Bxc6 15. h5 Qa5 16. Kb1 Nd7 17. hxg6 fxg6 18. Qh2 Bxc3 19. Bd2 Nf8 20. Bxc3 b4 21. Bd2 Qc5 22. Bh6 Qe5 23. Qh3 Qh8 24. Bc4+ e6 25. Rxd6 Bb5 26. Bb3 Rad8 27. Bxf8 Kxf8 28. Qh6+ Kf7 29. Qf4+ Kg7 30. Rxe6 Rxe6 31. Bxe6 Rf8 32. Qe5+ Rf6 33. g5 1-0

[Event "CAN-ch U14"]
[Site "Windsor"]
[Date "2015.07.06"]
[Round "1.24"]
[White "Cai, Jason"]
[Black "Kilroy, Evan"]
[Result "1-0"]
[WhiteElo "2254"]
[BlackElo "1296"]
[PlyCount "67"]
[EventDate "2015.07.06"]
[EventType "swiss"]
[EventRounds "7"]
[EventCountry "CAN"]
[SourceTitle "EXT 2022"]
[Source "ChessBase"]
[SourceDate "2021.10.06"]
[SourceVersion "1"]
[SourceVersionDate "2021.10.06"]
[SourceQuality "1"]

1. e4 c5 2. Nc3 d6 3. f4 e6 4. Nf3 Nd7 5. a4 Ngf6 6. Bc4 Nb6 7. Bb5+ Bd7 8. 0-0 Bxb5 9. axb5 Be7 10. d3 0-0 11. Qe1 d5 12. e5 Nfd7 13. Qg3 Re8 14. Bd2 d4 15. Ne4 Nd5 16. Qh3 Nc7 17. f5 exf5 18. Qxf5 g6 19. Qh3 Ne6 20. Rae1 Rc8 21. b3 Nb6 22. Ba5 Nc7 23. Nd6 Bxd6 24. exd6 Rxe1 25. Rxe1 Ne6 26. Bxb6 axb6 27. Qg3 Qf6 28. Ne5 Nf4 29. d7 Rd8 30. Ng4 Qd6 31. Qh4 Ne6 32. Rxe6 Qxe6 33. Qxd8+ Kg7 34. Qf6+ 1-0

[Event "CAN-ch U12"]
[Site "Ottawa"]
[Date "2013.07.11"]
[Round "4"]
[White "Kilroy, Evan"]
[Black "Doknjas, Joshua"]
[Result "0-1"]
[WhiteElo "1135"]
[BlackElo "1848"]
[PlyCount "134"]
[EventDate "2013.07.10"]
[EventType "swiss"]
[EventRounds "6"]
[EventCountry "CAN"]
[SourceTitle "EXT 2022"]
[Source "ChessBase"]
[SourceDate "2021.10.06"]
[SourceVersion "1"]
[SourceVersionDate "2021.10.06"]
[SourceQuality "1"]

1. e4 c5 2. Nf3 d6 3. Bc4 Nf6 4. Nc3 a6 5. a3 e6 6. d4 cxd4 7. Nxd4 Nbd7 8. 0-0 b5 9. Ba2 Bb7 10. Re1 Nc5 11. e5 dxe5 12. Rxe5 Bd6 13. Re2 0-0 14. b4 Nce4 15. Nxe4 Nxe4 16. Bb2 Qc7 17. Nf3 Rad8 18. Qe1 Nf6 19. Be5 Bxf3 20. gxf3 Bxe5 21. Rxe5 Qxc2 22. f4 Qg6+ 23. Rg5 Qe4 24. Qxe4 Nxe4 25. Rg2 Nc3 26. Bb3 Ne2+ 27. Kh1 Nxf4 28. Rg4 Nd3 29. Rf1 Ne5 30. Rg3 Rd3 31. f4 Rxg3 32. hxg3 Nc4 33. Bxc4 bxc4 34. Rc1 Rc8 35. Kg2 Kf8 36. Kf3 Ke7 37. Ke4 h6 38. Kd4 Rd8+ 39. Ke3 Rd3+ 40. Kf2 c3 41. Rc2 Rd2+ 42. Rxd2 cxd2 43. Ke2 g5 44. fxg5 hxg5 45. Kxd2 Kd6 46. Kd3 Kd5 47. a4 f5 48. a5 Kc6 49. Kc4 f4 50. gxf4 gxf4 51. Kd4 e5+ 52. Ke4 Kb5 53. Kf3 Kxb4 54. Ke4 Kxa5 55. Kf3 Kb4 56. Ke4 Kc3 57. Kf3 a5 58. Ke2 Kc2 59. Kf2 a4 60. Ke2 a3 61. Kf2 e4 62. Ke2 a2 63. Kf2 a1Q 64. Ke2 Qh1 65. Kf2 Qh2+ 66. Kf1 f3 67. Ke1 Qg1# 0-1